00364 2200145 4500001002100000005001500021035002000036245004200056100002000098300003100118260003300149082000600182084001200188020001800200INLIS00000000000005220220517085138 a0010-05220000521 aMy Brother My Hero /cRestu Fajrizami0 aRestu Fajrizami ai68 hlm. :bilus ;c20 cm. aBandung :bdar! MIZAN,c2012 aF aF RES m a9789790668294